1017 1962 1881 1916 1094 1913 1586 1207 1508 1642 1338 1046 1581 1346 1724 1687 1299 1203 1558 1021 1088 1220 1801 1987 1032 1800 1479 1855 1633 1283 1850 1097 1618 1329 1419 1829 1286 1181 1477 1395 1796 1881 1041 1334 1936 1030 1588 1935 1428 1381 1615 1354 1259 1988 1704 1246 1578 1774 1862 1294 1725 1583 1452 1517 1781 1727 1108 1296 1617 1104 1666 1820 1478 1863 1700 1137 1481 1737 1236 1814 1152 1412 1622 1630 1992 1560 1085 1901 1973 1904 1921 1096 1760 1335 1087 1012 1690 1501 1132 BCNSPRNW ULIB Ver.6.0+V

เปลี่ยนเป็นภาษาไทย

Change to English
 แสดงรายละเอียดบรรณานุกรม
  กลับหน้าหลัก

Brief Record : Get Marc (ISO 2709) : E-mail record : QR code < ปิดหน้าต่าง
LEADER : 00000nas 2200000uu 4500
001    13399113903
003     ULIB
008    020711s|||| th a 000 0 tha d
022    ^a08598339
110    ^aโรงพยาบาลอุตรดิตถ์
245    ^aวารสารโรงพยาบาลอุตรดิตถ์
260    ^aอุตรดิตถ์ :^bโรงพยาบาลอุตรดิตถ์,^cม.ป.ป.
310    ^aรายสี่เดือน
850 ^a ULIB^bฉบับที่ 2 ปีที่ 26 ;ฉบับที่ 3 ปีที่ 26
945    ^p0^l0^i900062
945    ^p0^l0^i900826
รายการนี้ยังไม่มีแท็ก
คุณยังไม่ได้ล็อกอิน คุณสามารถมีกิจกรรมร่วมกับเว็บไซต์ได้ แต่ต้องล็อกอินก่อน ::
  ล็อกอิน

รายการสื่อสารสนเทศ (วารสาร)

ดูแบบ: กล่อง รายการ
ARRIVED
ฉบับที่ 2 ปีที่ 26
สถานที่: ห้องสมุดวิทยาเขตสวรรค์ประชารักษ์ >วารสาร
ARRIVED
ฉบับที่ 3 ปีที่ 26
สถานที่: ห้องสมุดวิทยาเขตสวรรค์ประชารักษ์ >หนังสือทั่วไป
รายการใกล้เคียง
    ผู้แต่ง []

BibComment


ยังไม่เคยถูกคอมเมนท์

คอมเมนท์ทรัพยากรรายการนี้
  คอมเมนท์: วารสารโรงพยาบาลอ..


 Copyright 2026. Bcnsprnw @Library